000 00332 a2200157 4500
001 57235
020 _a8508019009
040 _cAnchieta - Pituba
100 _aDupré, Maria José
240 1 0 _aA mina de ouro
_lpor
245 1 0 _aA mina de ouro
300 _a112
362 0 _a1997
650 4 _aLiteratura juvenil
942 _cBK
999 _c57235
_d57235